Criminal justice in action. / (Record no. 7595)

MARC details
000 -LEADER
fixed length control field 01468cam a2200313 a 4500
001 - CONTROL NUMBER
control field 15176772
003 - CONTROL NUMBER IDENTIFIER
control field OSt
005 - DATE AND TIME OF LATEST TRANSACTION
control field 20210520141400.0
008 - FIXED-LENGTH DATA ELEMENTS--GENERAL INFORMATION
fixed length control field 080211s2009 caua b 001 0 eng
010 ## - LIBRARY OF CONGRESS CONTROL NUMBER
LC control number 2007908774
020 ## - INTERNATIONAL STANDARD BOOK NUMBER
International Standard Book Number 9780495601609 (pbk.)
020 ## - INTERNATIONAL STANDARD BOOK NUMBER
International Standard Book Number 0495601608 (pbk.)
040 ## - CATALOGING SOURCE
Original cataloging agency DLC
Transcribing agency DLC
Modifying agency DLC
043 ## - GEOGRAPHIC AREA CODE
Geographic area code n-us---
050 00 - LIBRARY OF CONGRESS CALL NUMBER
Classification number HV9950.G35
082 00 - DEWEY DECIMAL CLASSIFICATION NUMBER
Classification number 364.973
Edition number 22
100 1# - MAIN ENTRY--PERSONAL NAME
Personal name Gaines, Larry K.
245 10 - TITLE STATEMENT
Title Criminal justice in action. /
Statement of responsibility, etc. Larry K. Gaines, Roger LeRoy Miller.
250 ## - EDITION STATEMENT
Edition statement 5th ed.
260 ## - PUBLICATION, DISTRIBUTION, ETC.
Place of publication, distribution, etc. Belmont, CA:
Name of publisher, distributor, etc. Thomson Wadsworth,
Date of publication, distribution, etc. 2009.
300 ## - PHYSICAL DESCRIPTION
Extent 1 v. (various pagings) :
Other physical details ill. (some col.) ;
Dimensions 29 cm.
504 ## - BIBLIOGRAPHY, ETC. NOTE
Bibliography, etc. note Includes bibliographical references and index.
505 ## - FORMATTED CONTENTS NOTE
Formatted contents note Contents: Criminal justice -- Causes of crime -- Defining and measuring crime -- Inside criminal law - Law enforcement today -- Challenges to effective policing -- Police and the constitution -- Courts and the quest for justice -- Pretrial procedures and the criminal trial -- Probation and community corrections -- Prisons and jails -- The juvenile justice system -- Homeland security and the future of criminal justice --
650 #0 - SUBJECT ADDED ENTRY--TOPICAL TERM
Topical term or geographic name entry element Criminal justice, Administration of
Geographic subdivision United States.
700 1# - ADDED ENTRY--PERSONAL NAME
Personal name Miller, Roger LeRoy.
906 ## - LOCAL DATA ELEMENT F, LDF (RLIN)
a 7
b cbc
c origcop
d 2
e opcn
f 20
g y-gencatlg
942 ## - ADDED ENTRY ELEMENTS (KOHA)
Source of classification or shelving scheme Library of Congress Classification
Koha item type Books
Holdings
Withdrawn status Lost status Source of classification or shelving scheme Damaged status Not for loan Home library Current library Shelving location Date acquired Full call number Barcode Date last seen Price effective from Koha item type
    Dewey Decimal Classification     WISCONSIN INTERNATIONAL UNIVERSITY COLLEGE, GHANA KUMASI LIBRARY WISCONSIN INTERNATIONAL UNIVERSITY COLLEGE, GHANA KUMASI LIBRARY Law Library 26/08/2019 HV9950.G35 KSL/122/19 20/05/2021 20/05/2021 Books

If you have any concerns or questions; kindly contact the library


© Powered by WIUC ICT DIRECTORATE